LEADER 00969nam0 2200277 450 001 000027616 005 20100709095127.0 100 $a20100709d1956----km-y0itay50------ba 101 0 $aeng 102 $aUS 200 1 $aWeather analysis and forecasting$fSverre Petterssen 205 $a2. ed 210 $aNew York $cMcGraw-Hill 215 $av.$d25 cm. 327 1 $aVol. 1: Motion and motion systems. - XIX, 428 p. : ill.$aVol. 2: Weather and weather systems. - XII, 266 p. 610 1 $aMeteorologia 676 $a551.6$v21$9Climatologia e tempo atmosferico 700 1$aPetterssen,$bSverre$0633869 801 0$aIT$bUNIPARTHENOPE$c20100709$gRICA$2UNIMARC 912 $a000027616 951 $aDISAM 551.63/4$bM 444$cDISAM$d2010 951 $aDISAM 551.63/7$bM 896$cDISAM$d2010 951 $aDISAM 551.63/6$bM 841$cDISAM$d2010 951 $aDISAM 551.63/5$bM 444 bis$cDISAM$d2010 996 $aWeather analysis and forecasting$91211387 997 $aUNIPARTHENOPE